"Ihr sehet nehmlich einen Templ, desgleichen ihr vielleicht selten, oder vielleicht niemals gesehen." Zur Ikonographie der Wiener
| Titel: | "Ihr sehet nehmlich einen Templ, desgleichen ihr vielleicht selten, oder vielleicht niemals gesehen." Zur Ikonographie der Wiener |
|---|---|
| Verfasser: | |
| In: |
Orbis artium, (2009), Seite 557-478 alle Artikel anzeigen |
| Veröffentlicht: | 2009 |
| Format: | Aufsatz |
| Sprache: | Deutsch |
X
alg: 39337766 001A $01999:12-11-16 001B $01999:28-04-17 $t15:48:33.000 001D $01999:12-11-16 001U $0utf8 001X $00 002@ $0Aox 003@ $0393377660 007A $0393377660 $aHEB 007T $0Herdpp168228 010@ $ager 011@ $a2009 021A $a"Ihr sehet nehmlich einen Templ, desgleichen ihr vielleicht selten, oder vielleicht niemals gesehen." Zur Ikonographie der Wiener 028A $aPučalík $dMarek 031A $h557-478 $j2009 037A $aRés. čes. s. 575: "Ihr sehet nehmlich einen Templ, desgleichen ihr vielleicht selten, oder vielleicht niemals gesehen." Ikonografický program kostela sv. Karla Boromejského ve Vídni 039B $aIn $8--Aau--. @Orbis artium. - Brno : Masarykova univerzita, 2009. - 846, [1] S.. - Ill. - ISBN 978-80-210-4972-7 $x200900000000000443 $9222799129 lok: 39337766 78 exp: 39337766 78 1 #EPN 201B/01 $021-12-17 $t23:22:14.000 201U/01 $0utf8 203@/01 $0789488078 208@/01 $a12-11-16 $be 209A/01 $a/ $f000 $x00 220C/01 $aHerkunft: Hú Av Čr Praha 244Z/01 $#Tschechien $#Tschechische Republik $#Tschechische Republik $#Tschechenland $#Tschechei Tschechien $#Česká Republika $#Czech Republic $#ČR $74303381-7 $8--Tg1--Tschechien $x01 $9086659812 244Z/01 $2Trx $#Böhmen $#Bohemia $#Czechy $8--Trx--Čechy $x02 $9391188941 244Z/01 $#Wienn $#Viedeň $#Vinna $#Wiedeń Wien $#Vena $#Wienna $#Vin $#Biennē $#Viennē $#Wīn $#Bécs $#Vídeň $#Vjenë $#Dunaj $#Wenia $#Bundesland Wien $#Land Wien $#Stadt Wien $#Bundeshauptstadt Wien $#Bundesunmittelbare Stadt Wien $#Kaiserlich-Königliche Reichshaupt- und Residenzstadt Wien $#K.K. Reichshaupt- und Residenzstadt Wien $#Reichshaupt- und Residenzstadt Wien $#Reichsgau Wien $#Vienna $#Vienne Österreich $#Beč $#Viena $#Bécs $#Vindobona Wien $#Vienna Pannoniae $#Vindobona $#Vienna Austriae $#Vienne $#Gemeinde Wien $#Vienna Fluviorum $74066009-6 $8--Tgz--Wien $x03 $9085185515 244Z/01 $aGeschichte 1716 $x04 244Z/01 $2Trx $#kirikud hooned $#bažnyčių pastatai $#churches buildings $#templomok épületek $#kościoły budynki $#kostoly budovy $#kostely budovy $8--Trx--Kirchen$gGebäude $x05 $9391363778 244Z/01 $aměsta rakouská $x06 244Z/01 $2Trx $#ikonograafia $#ikonografija $#Iconography $#ikonográfia $#ikonografia $#ikonografia $#ikonografie $#Bildkunde, historische $8--Trx--Ikonographie $x07 $9391355457 244Z/01 $ařád křižovníci $x08 244Z/01 $2Trx $8--Trx--Einzelbeiträge $x09 $9391384570 247C/01 $82080>Marburg/Lahn, Herder-Institut, Forschungsbibliothek, Bibliographieportal $9336309341
| LEADER | 00000caa a22000002c 4500 | ||
|---|---|---|---|
| 001 | 393377660 | ||
| 003 | DE-603 | ||
| 005 | 20170428154833.0 | ||
| 007 | tu | ||
| 008 | 161112s2009 xx |||| | u00||u|ger c | ||
| 035 | |a (DE-599)HEB393377660 | ||
| 040 | |a DE-603 |b ger |c DE-603 |d DE-603 | ||
| 041 | |a ger | ||
| 100 | 1 | |a Pučalík, Marek | |
| 245 | 0 | 0 | |a "Ihr sehet nehmlich einen Templ, desgleichen ihr vielleicht selten, oder vielleicht niemals gesehen." Zur Ikonographie der Wiener |
| 264 | 0 | |c 2009 | |
| 500 | |a Rés. čes. s. 575: "Ihr sehet nehmlich einen Templ, desgleichen ihr vielleicht selten, oder vielleicht niemals gesehen." Ikonografický program kostela sv. Karla Boromejského ve Vídni | ||
| 773 | 0 | 8 | |i In |t Orbis artium |d Brno : Masarykova univerzita, 2009 |h 846, [1] S., Ill |z 9788021049727 |z 8021049723 |g (2009), Seite 557-478 |w (DE-603)222799129 |
| 924 | 0 | |9 2080 |a (DE-603)789488078 |b DE-2080 |c HES |d d |g / | |


